Dance dance dance /

Bibliographic Details
Main Author: Murakami, Haruki, 1949-
Format: Book
Language:English
Japanese
Published: London : Vintage, 2003.
Subjects:
Classic Catalogue: View this record in Classic Catalogue
LEADER 01309nam a2200325 a 4500
001 44611
003 BD-DhAAL
005 20250817171324.0
008 250817t20031988enk 000 1 eng
010 |a  93014098  
020 |a 9780099448761 
020 |a 4770016832 :  |c $22.00 
020 |a 9784770016836 
035 |a 634013 
040 |a DLC  |c DLC  |d OCoLC  |d DLC  |d BD-DhAAL 
041 1 |a eng  |h jpn 
043 |a a-ja--- 
050 0 0 |a PL856.U673  |b D3613 1994 
082 0 0 |a 895.635  |2 20 
100 1 |a Murakami, Haruki,  |d 1949- 
240 1 0 |a Dansu dansu dansu.  |l English 
245 1 0 |a Dance dance dance /  |c by Haruki Murakami ; translated by Alfred Birnbaum. 
260 |a London :  |b Vintage,  |c 2003. 
300 |a 393 pages ;  |c 25 cm 
541 |a Donated by Farhana Zahir, Assistant Professor, BRAC Business School, BRAC University  |e 44611 
651 0 |a Japan  |x Fiction.  |9 12805 
655 7 |a Domestic fiction. 
942 |2 ddc  |c BK 
999 |c 47388  |d 47388 
952 |0 0  |1 0  |2 ddc  |4 0  |6 895_635000000000000_MUR  |7 0  |9 78026  |a BRACUL  |b BRACUL  |c NEW  |d 2025-08-17  |e Donated by Farhana Zahir, Assistant Professor, BRAC Business School, BRAC University  |l 5  |m 28  |o 895.635 MUR  |p 3010044611  |q 2026-05-19  |r 2026-02-26  |s 2026-02-26  |t 1  |w 2025-08-17  |y BK  |x Donated by Farhana Zahir, Assistant Professor, BRAC Business School, BRAC University; MRP 599